NLSUI OPAC header image

The law of electronic commerce (Record no. 30329)

MARC details
000 -LEADER
fixed length control field 01376nam a2200229Ia 4500
003 - CONTROL NUMBER IDENTIFIER
control field OSt
005 - DATE AND TIME OF LATEST TRANSACTION
control field 20210530192427.0
008 - FIXED-LENGTH DATA ELEMENTS--GENERAL INFORMATION
fixed length control field 160316s2011 xxu||||| |||| 00| 0 eng d
020 ## - INTERNATIONAL STANDARD BOOK NUMBER
International Standard Book Number 978-1107606258
040 ## - CATALOGING SOURCE
Transcribing agency NLS
082 ## - DEWEY DECIMAL CLASSIFICATION NUMBER
Classification number 343.09945 DAV
100 ## - MAIN ENTRY--PERSONAL NAME
Personal name Davidson Alan
245 ## - TITLE STATEMENT
Title The law of electronic commerce
260 ## - PUBLICATION, DISTRIBUTION, ETC.
Place of publication, distribution, etc. Cambridge
Name of publisher, distributor, etc. Cambridge University Press
Date of publication, distribution, etc. 2011
300 ## - PHYSICAL DESCRIPTION
Extent 399p
Dimensions xxv
365 ## - TRADE PRICE
Price amount Gratis
505 ## - FORMATTED CONTENTS NOTE
Formatted contents note Content:<br/>1. The law of electronic commerce;<br/>2. The rule of cyberspace;<br/>3. Electronic commerce and the law of contract;<br/>4. Shrinkwrap, clickwrap and browsewrap contract;<br/>5. Electronic signatures;<br/>6. Copyright issues in electronic commerce;<br/>7. Electronic commerce-trade marks, patents and circuit layouts;<br/>8. Domain names;<br/>9. Domain name disputes;<br/>10. Uniform domain name dispute resolution policies;<br/>11. Jurisdiction in cyberspace;<br/>12. Defamation in cyberspace;<br/>13. Privacy and data protection in cyberspace;<br/>14. Electronic mail and online presence;<br/>15. National electronic surveillance; <br/>16. Cybercrime;<br/>17. Evidence of electronic records;<br/>18. Censorship-Broadcast and online content regulation;<br/>19. An international perspective.<br/>
650 ## - SUBJECT ADDED ENTRY--TOPICAL TERM
Topical term or geographic name entry element 1. Electronic Commerce
700 ## - ADDED ENTRY--PERSONAL NAME
Personal name
--
856 ## - ELECTRONIC LOCATION AND ACCESS
Uniform Resource Identifier <a href="https://www.droitetentreprise.com/wp-content/uploads/The_Law_of_Electronic_Commerce.pdf">https://www.droitetentreprise.com/wp-content/uploads/The_Law_of_Electronic_Commerce.pdf</a>
942 ## - ADDED ENTRY ELEMENTS (KOHA)
Source of classification or shelving scheme Dewey Decimal Classification
Koha item type BOOKs
Holdings
Withdrawn status Lost status Damaged status Not for loan Home library Current library Shelving location Date acquired Total Checkouts Full call number Barcode Date last seen Date last checked out Price effective from Koha item type
        . .   30.05.2017 1 343.09945 DAV 27674 01.02.2018 30.01.2018 30.05.2017 BOOKs